TBMM Başkanlığının faaliyetleri (Record no. 3374)

MARC details
000 -BAŞLIK
Sabit Uzunlukta Kontrol Alanı 00905na a2200229 4500
001 - KONTROL NUMARASI
Denetim Alanı 18166
003 - KONTROL NUMARASI IDENTIFIER
Denetim Alanı MIRAKIL
005 - SON İŞLEM TARİHİ VE ZAMANI
Denetim Alanı 20181213154929.0
008 - SABİT-BOY VERİ ELEMANLARI - GENEL BİLGİLER
Sabit Uzunlukta Kontrol Alanı 161114b tu 000 0
040 ## - KATALOGLAMA KAYNAK
Orijinal Kataloglama Ajansı Milas
Kataloglama Dili tur
Metne Dönüştürmek Ajansı TR-AnCHP
041 ## - DİL KODU
Metin / Ses Parça Veya Ayrı Başlığın Dil Kodu tur
082 ## - DEWEY ONLU SINIFLANDIRMA NUMARASI
Sınıflandırma Numarası 328.9561
Ürün Numarası T15 1997
090 ## - SINIFLAMA NUMARASI
Sınıflama Numarası 328.9561 T15 1997
110 ## - ANA GİRİŞ - KURUMSAL ADI
Giriş Elemanı Olarak Kurumsal Ad Veya Yargı Alanı Adı TBMM Genel Sekreterliği
245 ## - BAŞLIK TABLOSU
Başlık TBMM Başkanlığının faaliyetleri
Başlığın Kalan 20 nci dönem 2 yasama yılında Türkiye Büyük Millet Meclisi'nin yasama-denetim yönetim ve düzenleme çalışmalarına ilişkin genel bilgiler
Sorumluluk Tablosu, Vb TBMM Genel Sekreterliği
246 ## - UNVAN FORM VARYING
Başlık Doğru / Kısa Başlığı 20 nci dönem 2 yasama yılında Türkiye Büyük Millet Meclisi'nin yasama-denetim yönetim ve düzenleme çalışmalarına ilişkin genel bilgiler
260 ## - YAYIN, DAĞITIM, VB
Yayın, Dağıtım, Vb Yeri [Ankara]
Yayıncı, Dağıtıcı, Vs Adı TBMM
Yayın, Dağıtım, Vb Tarihi 1997
300 ## - FİZİKSEL TANIM
Kapsam 126 s.
Diğer Fiziksel Ayrıntıları grf.
Boyutlar 24 sm.
650 ## - KONU KATMA GİRİŞ - TOPİKAL DÖNEM
Topikal Süreli Veya Coğrafi Ad Giriş Elemanı TBMM
Coğrafi Alt Bölümü Türkiye
650 ## - KONU KATMA GİRİŞ - TOPİKAL DÖNEM
Topikal Süreli Veya Coğrafi Ad Giriş Elemanı Yasama organı
Coğrafi Alt Bölümü Türkiye
942 ## - EKLENDİ GİRİŞ ELEMANLARI (KOHA)
Sınıflandırma Veya Raf Düzeni Kaynak
Koha Öğesi Türü Books
999 ## - SİSTEM KONTROL NUMARALARI (KOHA)
Koha Biblionumber 3374
Koha Biblioitemnumber 3374
Holdings
Kalıcı Konum Mevcut Konum Edinme Tarihi Edinim Kaynak Toplam Check-Out'Lar Tam Çağrı Numarası Barkod Tarih Son Görülme İtibaren Geçerli Fiyatlar Koha Öğesi Türü
CHP Kütüphanesi CHP Kütüphanesi 11/14/2016 Bağış   328.9561 T15 1997 009435 11/14/2016 11/14/2016 Books